| 000 | 01275nam a2200337 a 4500 | ||
|---|---|---|---|
| 001 | ebr10675025 | ||
| 003 | CaPaEBR | ||
| 006 | m u | ||
| 007 | cr cn||||||||| | ||
| 008 | 090302s2009 nyub sb 001 0 eng d | ||
| 010 | _z 2009009116 | ||
| 020 | _z9781606926529 (softcover) | ||
| 020 | _z9781617281334 (e-book) | ||
| 040 |
_aCaPaEBR _cCaPaEBR |
||
| 035 | _a(OCoLC)659549689 | ||
| 043 |
_aa-iq--- _an-us--- |
||
| 050 | 1 | 4 |
_aHV6433.I722 _bQ356 2009eb |
| 082 | 0 | 4 |
_a363.32509567 _222 |
| 245 | 0 | 0 |
_aAl Qaeda in Iraq _h[electronic resource] / _cDavid H. Naylor, editor. |
| 260 |
_aHauppauge, N.Y. : _bNova Science Publishers, _cc2009. |
||
| 300 |
_aix, 118 p. : _bmap. |
||
| 504 | _aIncludes bibliographical references and index. | ||
| 533 |
_aElectronic reproduction. _bPalo Alto, Calif. : _cebrary, _d2013. _nAvailable via World Wide Web. _nAccess may be limited to ebrary affiliated libraries. |
||
| 610 | 2 | 0 | _aQaida (Organization) |
| 650 | 0 | _aIraq War, 2003-2011. | |
| 651 | 0 |
_aIraq _xPolitics and government _y2003- |
|
| 655 | 7 |
_aElectronic books. _2local |
|
| 700 | 1 | _aNaylor, David H. | |
| 710 | 2 | _aebrary, Inc. | |
| 856 | 4 | 0 |
_uhttp://site.ebrary.com/lib/rucke/Doc?id=10675025 _zAn electronic book accessible through the World Wide Web; click to view |
| 999 |
_c57385 _d57385 |
||